Imiona według etymologii - Statystyki

Ogólne statystyki
  • Ten quiz został rozwiązany 32 razy
  • Średni wynik to 8 z 15
Statystyki odpowiedzi
Etymologia Pochodzenie Imię % Poprawnych
Mattaj, ,,dar Jahwe" hebrajskie Mateusz
87%
Paulus - mały, skromny łacińskie Paweł
87%
Silvio - leśna, żyjąca w lesie łacińskie Sylwia
83%
Nadzieja rosyjskie Nadia
78%
Jehu - cieszący się łaską hebrajskie Jan
61%
Ten, który jest miłowany polskie Miłosz
61%
Awa (życie) sumeryjskie Ewa
52%
Mieszkanka Thery (wyspa) greckie Teresa
52%
,,Ten, który włada sławą" słowiańskie Władysław
52%
Mądrość greckie Zofia
48%
Podwójny - bracia, bliźniacy aramejskie Tomasz
39%
Szoszannah - lilia hebrajskie Zuzanna
35%
,,Niech Bóg strzeże", pięta hebrajskie Jakub
26%
Selene - Księżyc greckie Helena
22%
Obrończyni ludzi greckie Aleksandra
4%
Nie znaleziono quizów pasujących do podanych kryteriów
Rozkład punktacji
Procent ludzi z każdym wynikiem
Percentyl według liczby udzielonych odpowiedzi
Twoja historia wyników
Nie rozwiązałeś tego quizu